00606nam a2200181Ia 450000500170000000800410001702000130005804000190007104100120009008200110010210000170011324501460013026000300027630000120030650400730031865000230039185000100041420231007111141.0131103s9999 xx 000 0 und d a99824302 aLoreto College aEnglish aFbREN aRendell,Ruth 4aThe Ruth Rendell Mysteriesb An Inspector Wexford Omnibus featuring The Best Man to die,An unkindness of Ravens,The veiled one cRuth Rendell aLondonbArrow Booksc1994 a670 p.  aContents: The Best Man to die,An unkindness of Ravens,The Veiled one aFiction in English aLCLIB